les prénoms masculins les plus donnés - Statistiques

Statistiques générales
  • Ce quiz a été pris 313 fois
  • Le résultat moyen est 4 sur 15
Statistiques - réponses
Hint Réponse % Correct
3 Léo
62%
5 Louis
57%
1 Gabriel
45%
8 Jules
39%
2 Raphaël
39%
6 Noah
31%
10 Arthur
30%
4 Maël
21%
13 Sacha
17%
7 Adam
16%
12 Liam
16%
14 Elio
10%
9 Eden
7%
11 Isaac
5%
15 Naël​
5%
Aucun quiz correspondant
Distribution des résultats
% des personnes avec chaque résultat
Percentile par nombre de réponses
Votre historique - résultats
Vous n’avez pas pris ce quiz